000 00628nam a2200229Ia 4500
003 OSt
005 20220928143547.0
006 a|||||r|||| 00| 0
007 ta
008 220927b |||||||| |||| 00| 0 eng d
024 _a22673
037 _cTextual
040 _aSDCL
_cSDCL
_beng
041 _2eng
_aeng
082 _aQ1v, P3
100 _aJoshi Rasikbihari
_9505826
245 0 _aVedic sahitya ka itihas nav- mulyaankan.
260 _c2003
700 _a Khandelwal JaiKrishanaPrasad
_9505827
942 _hQ1v, P3
_cTEXL
_2CC
999 _c824660
_d824660